Alfa nauta : (Registro nro. 13061)
[ vista simple ]
| 000 -LIDER | |
|---|---|
| fixed length control field | 00848nam a22002177a 4500 |
| 003 - IDENTIFICACDOR DE NÚMERO DE CONTROL | |
| control field | DO-SdBNP |
| 005 - DATE AND TIME OF LATEST TRANSACTION | |
| control field | 20171124090833.0 |
| 008 - ELEMENTOS DE LONGITUD FIJA | |
| fixed length control field | 171124b 2003sp||||| |||| 00| 0 spa d |
| 040 ## - FUENTE DE CATALOGACIÓN | |
| Agencia que crea de manera original el registro | BPMSU |
| Idioma de catalogación | spa |
| Agencia que realiza la transcripción | BMPSU |
| 245 ## - MENCIÓN DE TITULO | |
| Título | Alfa nauta : |
| Subtítulo | programa educativo temático : diccionario enciclopédico / |
| Mención de responsabilidad | [dirección: J. Barnat] |
| 250 ## - MENCIÓN DE EDICION | |
| Mención de edición | ed. 2000 |
| 260 ## - PUBLICACIÓN, DISTRIBUCIÓN, ETC. (PIE DE IMPRENTA) | |
| Lugar de publicación, distribución, etc | Barcelona : |
| Nombre del editor, distribuidor, etc. | Nauta |
| Fecha de publicación, distribución, etc | 2000 |
| 300 ## - DESCRIPCIÓN FÍSICA | |
| Extensión | 8v. |
| Otros detalles físicos | il., gráficos, mapas, cuadros ; |
| Dimensiones | 29 cm. |
| 490 ## - MENCIÓN DE SERIES | |
| Mención de serie | Temática |
| 500 ## - NOTA GENERAL | |
| Nota general | Título tomado de la cubierta |
| 500 ## - NOTA GENERAL | |
| Nota general | La biblioteca posee v.4 |
| 505 ## - NOTA DE CONTENIDO | |
| Información miscelánea | v.1. |
| Título | Geografía -- |
| Información miscelánea | v.2. |
| Título | Historia -- |
| Información miscelánea | v.3. |
| Título | Ciencias naturales -- |
| Información miscelánea | v.4. |
| Título | Física -- |
| Información miscelánea | v.5 |
| Título | Química -- |
| Información miscelánea | v.6 |
| Título | Matemáticas I -- |
| Información miscelánea | v.7. |
| Título | Matemíticas II |
| Información miscelánea | v.8 |
| Título | Informática y computación |
| 700 ## - ASIENTO SECUNDARIO -- NOMBRE PERSONAL | |
| Nombre personal | Barnat, Jaume , |
| Mención de responsabilidad | ed. |
| 830 #0 - ASIENTO SECUNDARIO DE SERIE--TÍTULO UNIFORME | |
| Título uniforme | Temática-Nauta |
| 942 ## - ADDED ENTRY ELEMENTS (KOHA) | |
| Source of classification or shelving scheme | Dewey Decimal Classification |
| Koha item type | Libros |
No hay ítems disponibles.